Vybrané problémy medzinárodnej bezpečnosti v podmienkach utvárajúceho sa multipolárneho usporiadania moci vo svetovej politike

Globálne bezpečnostné prostredie. Štyri pohľady na súčasnú medzinárodnú bezpečnosť. Usporiadanie súčasných medzinárodných vzťahov a bezpečnosti v nich. NATO - história, súčasnosť, kontraproduktívnosť NATO v súčasnosti.

Salvato in:
Dettagli Bibliografici
Autore principale: Škvrnda, František
Natura: Capitolo di libro
Lingua:slovacco
Soggetti:
Tags: Aggiungi Tag
Nessun Tag, puoi essere il primo ad aggiungerne!!

MARC

LEADER 00000naa$a2200000$$$4500
001 0132587
005 20240502072512.5
041 0 |a slo 
044 |a SK 
245 1 0 |a Vybrané problémy medzinárodnej bezpečnosti v podmienkach utvárajúceho sa multipolárneho usporiadania moci vo svetovej politike  |c František Škvrnda 
520 |a Globálne bezpečnostné prostredie. Štyri pohľady na súčasnú medzinárodnú bezpečnosť. Usporiadanie súčasných medzinárodných vzťahov a bezpečnosti v nich. NATO - história, súčasnosť, kontraproduktívnosť NATO v súčasnosti. 
610 2 0 |a bezpečnosť medzinárodná 
610 2 0 |a vzťahy medzinárodné 
610 2 0 |a politika medzinárodná 
100 1 |a Škvrnda, František